Click Millionaires /

The rules have changed. The American Dream is no longer the ôcorner office.ö ItÆs a successful business you can run from your home office, the beach, or wherever you desire. ItÆs work you love that still allows you the freedom and income to live the life you truly want. Sound like a tall order? Well...

Full description

Bibliographic Details
Main Author: Fox, Scott (Author)
Corporate Author: Safari, an O'Reilly Media Company
Format: eBook
Language:English
Published: AMACOM, 2012.
Edition:1st edition.
Subjects:
Online Access:Connect to this electronic resource

MARC

Tag First Indicator Second Indicator Subfields
LEADER 00000uam a2200000 a 4500
001 in00004142221
005 20260122203503.6
006 m o d
007 cr cn
008 110513s2012 xx o eng
020 |z 9780814432235 
020 |z 9780814431917 
035 |a (CaSebORM)9780814431917 
040 |d UtOrBLW 
041 0 |a eng 
100 1 |a Fox, Scott,  |e author. 
245 1 0 |a Click Millionaires /  |c Fox, Scott. 
250 |a 1st edition. 
264 1 |b AMACOM,  |c 2012. 
300 |a 1 online resource (256 pages) 
336 |a text  |b txt  |2 rdacontent 
337 |a computer  |b c  |2 rdamedia 
338 |a online resource  |b cr  |2 rdacarrier 
347 |a text file 
520 |a The rules have changed. The American Dream is no longer the ôcorner office.ö ItÆs a successful business you can run from your home office, the beach, or wherever you desire. ItÆs work you love that still allows you the freedom and income to live the life you truly want. Sound like a tall order? Well, thanks to the Internet, anyone can launch a business with little or no start-up capital or technical expertise. And in Click Millionaires, e-commerce expert Scott Fox teaches weary corporate warriors and aspiring entrepreneurs how to trade the 9û5 job they hate for an online business they love. The book explains how to combine outsourcing, software, and automated online marketing to build recurring revenues, all while working less and making fewer of the lifestyle compromises that corporate ôsuccessö requires. Readers will learn how to: ò Find a lucrative niche on the Internet that matches their interests and skills ò Choose an online businessmodel: fromblogs, noozles, and audience communities to digital delivery, online services, affiliate marketingùeven physical products ò Position themselves as a experts ò Build their audience ò Design the lifestyle they want ò Balance passion and profits to realize their personal definition of success Featuring stories of dozens of ôregular folksö who have reinvented themselves as Click Millionaires, this inspiring and practical guide shows readers how to stop dreaming of a better life and start living it! 
533 |a Electronic reproduction.  |b Boston, MA :  |c Safari,  |n Available via World Wide Web.  |d 2012. 
538 |a Mode of access: World Wide Web. 
542 |f Copyright © AMACOM 2012  |g 2012 
588 |a Online resource; Title from title page (viewed May 23, 2012) 
500 |a Electronic resource. 
655 7 |a Electronic books.  |2 local 
710 2 |a Safari, an O'Reilly Media Company. 
856 4 0 |u https://proxy.library.tamu.edu/login?url=https://go.oreilly.com/TAMU/library/view/-/9780814431917/?ar  |z Connect to this electronic resource  |t 0 
999 f f |s 80c7c2bf-2427-3668-a37e-1592b792838e  |i 0d4b4582-5915-3aec-932f-674129a500f6  |t 0 
952 f f |a Texas A&M University  |b College Station  |c Electronic Resources  |s www_evans  |d Available Online  |t 0  |h No information provided 
998 f f |t 0  |l Available Online